Most Rookie Receiving Yards In a Game By Team - Statistics

General Stats
  • This quiz has been taken 8 times
  • The average score is 6 of 32
Answer Stats
Team Yards Player % Correct
CIN 266 Ja'Marr Chase
100%
SFF 241 Jerry Rice
75%
LAC 155 John Jefferson
75%
CHI 214 Harlon Hill
50%
BAL 165 Torrey Smith
50%
NYG 189 Kadarius Toney
25%
MIN 210 Sammy White
25%
HOU 149 Tank Dell
25%
ARI 217 Anquan Boldin
13%
GBP 200 Billy Howton
13%
SEA 145 Brian Blades
13%
CAR 157 D.J. Moore
13%
LAR 226 Eddie Kennison
13%
WAS 212 Hugh Taylor
13%
BUF 255 Jerry Butler
13%
JAX 236 Justin Blackmon
13%
TBB 212 Mark Carrier
13%
NOS 169 Marques Colston
13%
NYJ 178 Wesley Walker
13%
DEN 166 Al Frazier
0%
IND 177 Bill Brooks
0%
TEN 182 Bill Groman
0%
DET 168 Dave Middleton
0%
CLE 171 Derrick Alexander
0%
PHI 180 Don Looney
0%
DAL 203 James Dixon
0%
PIT 205 Jimmy Orr
0%
ATL 190 Ken Burrow
0%
KAN 193 Larry Brunson
0%
MIA 153 Oronde Gadsen
0%
LVR 179 Rod Barksdale
0%
NEP 158 Ron Sellers
0%
No matching quizzes found
Score Distribution
Percent of People with Each Score
Percentile by Number Answered
Your Score History
You have not taken this quiz